000 00864nam a2200217Ia 4500
003 GCL
008 140319s9999 xx 000 0 ara d
040 _aGCL /
_cGCL
082 0 4 _a961
_bم خ
100 1 _aمصطفى الكيثرى
245 1 0 _aالخصوصية التاريخية والحضارية لبلدان المغرب العربى ومدى انعكاساتها على التنمية الادارية /
_cمصطفى الكيثرى
260 _a[S.N] :
_bالمنظمة العربية للعلوم الادارية-ادارة ال ،
_c1986
300 _a103 ص
490 _a
650 0 4 _aتاريخ
650 0 4 _aالحضارة العربية الاسلامية - المعارف البحرية
650 0 4 _aالادارة العامة
650 0 4 _aالمغرب العربى
650 0 4 _aالتنمية الادارية
942 _2ddc
_cBK
999 _c36137
_d36137